| 000 | 00502nam a22001577a 4500 | ||
|---|---|---|---|
| 003 | PILC | ||
| 005 | 20151007085042.0 | ||
| 008 | 150907b xxu||||| |||| 00| 0 eng d | ||
| 020 | _a9781846907029 | ||
| 050 |
_aQA 36.5 _b.N842 2010 |
||
| 100 | _aNorman, Ron. | ||
| 245 |
_aEdexcel GCSE : _benglish and english language extend student book / _cRon Norman, Danuta Reah, Racheal Smith. |
||
| 260 |
_aNY : _bPearson, _c2010. |
||
| 300 |
_a183 pages : _bcolor illustrations ; _c26 cm. |
||
| 942 |
_2lcc _cBK _kFOR |
||
| 999 |
_c288634 _d288634 |
||